UBT Library

Numerical mathematics and computing / (Record no. 39887)

000 -LEADER
fixed length control field 00806cam a2200241 a 4500
001 - CONTROL NUMBER
control field 13227692
005 - DATE AND TIME OF LATEST TRANSACTION
control field 20180109070510.0
008 - FIXED-LENGTH DATA ELEMENTS--GENERAL INFORMATION
fixed length control field 030606s2004 caua b 001 0 eng
010 ## - LIBRARY OF CONGRESS CONTROL NUMBER
LC control number 2003108099
020 ## - INTERNATIONAL STANDARD BOOK NUMBER
International Standard Book Number 0534389937 (acidfree paper)
Cancelled/invalid ISBN 053489937
035 ## - SYSTEM CONTROL NUMBER
System control number (DLC) 2003108099
040 ## - CATALOGING SOURCE
Original cataloging agency DLC
Transcribing agency DLC
Modifying agency DLC
041 ## - LANGUAGE CODE
Language code of text/sound track or separate title eng
080 ## - UNIVERSAL DECIMAL CLASSIFICATION NUMBER
Universal Decimal Classification number 518 CHE
082 00 - DEWEY DECIMAL CLASSIFICATION NUMBER
Classification number 518 CHE
Edition number 22
100 1# - Rafti
Rafti 38
101 ## - Shkurtesa
Shkurtesa MAT
245 10 - TITLE STATEMENT
Title Numerical mathematics and computing /
Statement of responsibility, etc Ward Cheney, David Kincaid.
504 ## - BIBLIOGRAPHY, ETC. NOTE
Bibliography, etc Includes bibliographical references (p. 795-803) and index.
906 ## - LOCAL DATA ELEMENT F, LDF (RLIN)
a 7
b cbc
c orignew
d 3
e epcn
f 20
g y-gencatlg
942 ## - ADDED ENTRY ELEMENTS (KOHA)
Source of classification or shelving scheme
Item type Books
Holdings
Withdrawn status Lost status Source of classification or shelving scheme Damaged status Not for loan Permanent location Current location Date acquired Total Checkouts Full call number Barcode Date last seen Price effective from Koha item type
          UBT - Lipjan UBT - Lipjan 01/09/2018   518 CHE 002-2994982 01/09/2018 01/09/2018 Books
UBT Library © 2015-2024. All rights reserved University Education for Business and Technology